An introduction to probability theory and its applications

Saved in:
Bibliographic Details
Main Author: Feller, William 1906-1970
Format: Book
Language:English
Published: New York : John Wiley & Sons, 1966
Series:Wiley series in probability and mathematical statistics
Subjects:
Tags: Add Tag
No Tags, Be the first to tag this record!

MARC

LEADER 00000nam a2200000 i 4500
001 1/45131
008 980514s1966 eng d
035 |a 1996  |c ΔΩΡΕΑ  |l 10042459 
040 |a GR-MY-UA  |b gre  |e aacr 
041 0 |a eng 
082 0 |a 519.2 
100 1 |a Feller, William  |d 1906-1970. 
245 1 3 |a An introduction to probability theory and its applications /  |c William Feller 
260 |a New York :   |b John Wiley & Sons,   |c 1966 
300 |a xviii, 626 p.;  |c 24 cm. 
490 1 |a Wiley series in probability and mathematical statistics 
500 |a Includes index 
650 0 0 |a Probabilities. 
830 0 |a Wiley series in probability and mathematical statistics 
852 |a INST  |b SAMOS  |e 19980514  |h 519.2 FEL  |p 005300009663  |q 005300009663  |t BK  |y 0  |z v.2 
852 |a INST  |b SAMOS  |e 19980514  |h 519.2 FEL  |p 005300009663  |q 005300009663  |t BK  |v v.2:  |y 0  |z v.2 
853 |a INST  |b SAMOS  |h 519.2 FEL 
909 |a Σ  |b 036211